000 00578nam a2200205Ia 4500
003 IN-BaIIA
008 211028s9999 xx 000 0 eng d
020 _a978-0-521-64222-4
040 _cIIA Library
080 _a535
_bBOR
100 _aBorn , Max
_91579
245 0 _aPrinciples of optics
_cMax Born and Emil Wolf
250 _a7th ed.
260 _aCambridge
_bCambridge University Press
_c2006
300 _axxxiii, 952p.
650 _aElectromagnetic theory
_92899
650 _aOptics
700 _aWolf, Emil
_93520
942 _cBK
999 _c17203
_d17203